| 000 | 01617ngm a22003850a 4500 | ||
|---|---|---|---|
| 001 | PT28310 | ||
| 003 | AR-LpoUNG | ||
| 005 | 20210202000417.0 | ||
| 007 | vd cvaizq | ||
| 008 | 191001s2003||||ag |||||||||||||||||eng d | ||
| 037 | _c$9,96 | ||
| 040 |
_aAR-LpoUNG _bspa _cAR-LpoUNG _eaacr |
||
| 041 | _aeng | ||
| 044 | _aag | ||
| 082 | 0 | _a940.531 8 762pia | |
| 100 | 1 |
_aPolanski, Roman _edir. |
|
| 245 | 1 | 3 | _aEl pianista |
| 260 |
_aBuenos Aires : _bTranseuropa Video Entertainment, _c2003. |
||
| 300 | _aDVD (147 min.) : son., col. | ||
| 505 | 0 | _aGuión: Ronald Harwood. Libro: Wladyslaw Szpilman. Música: Wojciech Kilar. Fotografía: Pawel Edelman. Protagonistas: Adrien Brody, Thomas Kretschmann, Maureen Lipman, Ed Stoppard. Ganadora de tres premios Oscar de la Academia 2003: mejor director, mejor actor, mejor guión adaptado. Ganadora de la Palma de Oro al mejor director en el Festival de Cannes 2002. | |
| 520 | _aWladyslaw Szpilman, un brillante pianista polaco de origen judío, vive con su familia en el ghetto de Varsovia. Cuando, en 1939, los alemanes invaden Polonia, consigue evitar la deportación gracias a la ayuda de algunos amigos. Pero tendrá que vivir escondido y completamente aislado durante mucho tiempo, y para sobrevivir tendrá que afrontar constantes peligros. | ||
| 650 | 4 | _aDISCRIMINACION RACIAL | |
| 650 | 4 | _aDRAMA | |
| 650 | 4 | _aEUROPA | |
| 650 | 4 | _aHISTORIA SOCIAL | |
| 650 | 4 | _aJUDIOS | |
| 650 | 4 | _aPOLONIA | |
| 653 | _aBIOGRAFICO | ||
| 653 | _aDVD | ||
| 653 | _aHOLOCAUSTO | ||
| 653 | _aNAZISMO | ||
| 653 | _aVIDEOS | ||
| 905 | _a28310 | ||
| 942 | _cDVD | ||
| 999 |
_c54806 _d54806 |
||